logo

Bir Sreshtho Munshi Abdur Rouf Library
Jhenaidah Cadet College

The strength of government. (Record no. 9020)

MARC details
000 -LEADER
fixed length control field 00796cam a22002651 4500
001 - CONTROL NUMBER
JCCL Control Number 9020
003 - CONTROL NUMBER IDENTIFIER
JCCL marc code BD-JhCC
005 - DATE AND TIME OF LATEST TRANSACTION
control field 20220519134021.0
008 - FIXED-LENGTH DATA ELEMENTS--GENERAL INFORMATION
fixed length control field 690129s1968 mau 001 0 eng
035 ## - SYSTEM CONTROL NUMBER
system control number (BD-JhCC)9020
040 ## - CATALOGING SOURCE
Original cataloging agency DLC
Transcribing agency DLC
Modifying agency DLC
-- BD-JhCC
041 ## - LANGUAGE CODE
Language code of Book eng
050 00 - LIBRARY OF CONGRESS CALL NUMBER
Classification number JK271
Item number .B726
082 00 - DEWEY DECIMAL CLASSIFICATION NUMBER
Classification number 320/.0973
Author mark and Year BUN 1968
100 1# - MAIN ENTRY--PERSONAL NAME
Personal name Bundy, McGeorge.
245 14 - TITLE STATEMENT
Title The strength of government.
260 ## - PUBLICATION, DISTRIBUTION, ETC. (IMPRINT)
Place of publication, distribution, etc Cambridge,
Name of publisher, distributor, etc Harvard University Press,
Date of publication, distribution, etc 1968.
300 ## - PHYSICAL DESCRIPTION
Pagination xii, 113 p.
Dimensions 21 cm.
350 ## - PRICE (NR) (BK AM CF MU VM SE) [OBSOLETE]
Price $3.75
440 #4 -
Title The Godkin lectures at Harvard University ;
Volume number/sequential designation 1968
500 ## - GENERAL NOTE
General note Based on the Godkin lectures delivered at Harvard University in March 1968.
651 #0 - SUBJECT ADDED ENTRY--GEOGRAPHIC NAME
Geographic name United States
General subdivision Politics and government
Chronological subdivision 1945-1989.
942 ## - ADDED ENTRY ELEMENTS (KOHA)
Source of classification or shelving scheme Dewey Decimal Classification
Koha item type Books
Koha issues (borrowed), all copies 1
Holdings
Source of classification or shelving scheme Damaged status Not for loan Home library Current library Shelving location Total Checkouts Full call number Barcode Date last seen Date checked out Copy number Koha item type
Dewey Decimal Classification     JCC Rouf Library JCC Rouf Library General Stacks 1 320/.0973 BUN 1968 12012 07/30/2022 05/19/2022 C - 1 Books

JCC Library | Contacts | JCC Home

Last Update on 23 September 2017
Copyright @ 2017-2020 JCC Rouf Library
Rouf Library, Jhenidah Cadet College (JCC), Bangladesh